Землетрясения в СССР в 1987 году: сборник научных трудов

Xehetasun bibliografikoak
Erakunde egilea: Академия наук СССР (АН СССР) Институт физики Земли им. О. Ю. Шмидта (ИФЗ)
Beste egile batzuk: Кондорская Н. В. (редактор)
Hizkuntza:errusiera
Argitaratua: Москва, Наука, 1990
Gaiak:
Formatua: Liburua
KOHA link:https://koha.lib.tpu.ru/cgi-bin/koha/opac-detail.pl?biblionumber=241563

MARC

LEADER 00000nam0a2200000 4500
001 241563
005 20231101231826.0
010 |a 5020007315 
020 |a RU  |b 90-41726 
035 |a (RuTPU)RU\TPU\book\262838 
090 |a 241563 
100 |a 20130805g1964 k a0rusy5003 ca 
101 0 |a rus 
102 |a RU 
105 |a a z 000zy 
200 1 |a Землетрясения в СССР в 1987 году  |e сборник научных трудов  |f Академия наук СССР (АН СССР), Институт физики Земли им. О. Ю. Шмидта (ИФЗ) ; под ред. Н. В. Кондорской 
210 |a Москва  |c Наука  |d 1990 
215 |d 24 см  |e (ил., карт. +Карты (1 л.))  |a 323 с. 
606 1 |a Землетрясения  |2 stltpush  |3 (RuTPU)RU\TPU\subj\11717  |9 38626 
610 1 |a СССР 
610 1 |a магнитуды 
610 1 |a сейсмология 
610 1 |a очаги 
610 1 |a регионы 
675 |a 550.348.436  |z rus 
702 1 |a Кондорская  |b Н. В.  |4 340 
712 0 2 |a Академия наук СССР (АН СССР)  |b Институт физики Земли им. О. Ю. Шмидта (ИФЗ)  |c (Москва)  |c (1956-1991)  |2 stltpush  |3 (RuTPU)RU\TPU\col\209 
801 0 |a RU  |b RuMRKP  |c 19960705  |g psbo 
801 1 |a RU  |b 63413507  |c 20130805 
801 2 |a RU  |b 63413507  |c 20130916  |g RCR 
942 |c BK